Guías de archivos municipales de Alicante / [Diputación Provincial de Alicante] ; dirección técnica: M. Ángeles Martínez Micó, M. del Carmen Otero Sevilla, M. Victoria Blázquez Soldevila M. Ángeles Martínez Micó, M. del Carmen Otero Sevilla, M. Victoria Blázquez Soldevila
Publicado:
Alicante :
Diputación Provincial de Alicante, Departamento de Gestión Documental, Registros e Información ,
1999
Descripción Física:
v. ; 20 cm
Colección:
Guías de archivos municipales de Alicante
Materias:
Arxius municipals -- Alacant -- Guies
MARC
| LEADER | 00000nam a2200000Ia 4500 | ||
|---|---|---|---|
| 001 | 12525, 12698, 14480, 14481, 16344, 16775, 16776, 17390, 17391 | ||
| 003 | BGR | ||
| 005 | 20260324175718.0 | ||
| 008 | 160829s1999 - xx 000 0 cat d | ||
| 080 | |a A-2-25, A-2-26, A-2-153, A-2-154, A-2-211, A-2-224, A-2-225, A-2-239, A-2-240 | ||
| 110 | 1 | |a Alacant (Província) |b Diputació |9 52848 | |
| 245 | |a Guías de archivos municipales de Alicante / [Diputación Provincial de Alicante] ; dirección técnica: |b M. Ángeles Martínez Micó, M. del Carmen Otero Sevilla, M. Victoria Blázquez Soldevila | ||
| 260 | |a Alicante : |b Diputación Provincial de Alicante, Departamento de Gestión Documental, Registros e Información, |c 1999 - | ||
| 300 | |a v. ; |c 20 cm | ||
| 490 | |a Guías de archivos municipales de Alicante | ||
| 590 | |a Conté: v. 1: Onil, Gorga, L'Orxa; v. 2: Castell de Castells, Jacarilla, Torremanzanas; v. 4: Almudaina, Balones, Beneixama; v. 5: Benasau, Gaianes, Hondón de las Nieves; v. 6: Benimantell, Daya Vieja, Penáguila; v. 7: Aigües, Alcocer de Planes, La Romana; v. 8: Beniardá, Bigastro, Sanet y Negrals; v. 9: Beniarrés, Quatretondeta, Tollos; v. 10: Benifato, Cañada, Fageca | ||
| 650 | |a Arxius municipals |x Alacant |x Guies |9 38794 | ||
| 700 | 1 | |a Martínez Micó, M. Ángeles |9 38795 |4 dir. | |
| 700 | 1 | |a Otero Sevilla, M. del Carmen |9 38796 |4 dir. | |
| 700 | 1 | |a Blázquez Soldevila, M. Victoria |9 38797 |4 dir. | |
| 710 | 1 | |9 52848 |a Alacant (Província) |b Diputació |b Departamento de Gestión Documental, Registros e Información | |
| 901 | |a Arxiu | ||
| 942 | |n 1 |2 udc |c MON | ||
| 952 | |0 0 |1 0 |4 0 |6 A225_A226_A2153_A2154_A2211_A2224_A2225_A2239_A2240 |7 1 |9 48605 |a Arxiu |b Arxiu |d 2016-12-01 |l 0 |o A-2-25, A-2-26, A-2-153, A-2-154, A-2-211, A-2-224, A-2-225, A-2-239, A-2-240 |p 12525, 12698, 14480, |r 2016-12-01 00:00:00 |w 2016-12-01 |y ARXIU | ||
| 999 | |c 52435 |d 52435 | ||